000 01301nam a2200373 c 4500
001 58075
003 CO-BoRNBP
005 20250814225714.0
007 ta
008 211027s2021 ck a ||br ||| 00| 1 spa d
020 _a9789585591806
040 _aCO-BoRNBP
_bspa
_erda
_cCO-BoRNBP
041 0 _aspa
043 _ae-sp---
084 _aA
100 _aAlbo, Pablo,
_d1971-
_eaut
_9843
245 1 0 _aCaracol /
_ctexto Pablo Albo ; ilustraciones Pablo Auladell.
250 _aEdición especial
264 1 _aBogotá, Colombia :
_bA buen paso,
_c2021
300 _a[38] páginas sin numerar :
_bilustraciones a color
336 _atexto
_btxt
_2rdacontent
337 _asin mediación
_bn
_2rdamedia
338 _avolumen
_bnc
_2rdacarrier
490 0 _aPlan Nacional de Lectura y Escritura Leer es mi Cuento / Ministerio de Cultura
500 _aPablo Albo es el seudónimo de Pablo Pérez Antón
521 _aRecomendado para un público infantil mayor de 6 años
650 0 4 _aÁlbumes infantiles españoles
_ysiglo xx
_2LEMB
_9844
650 0 7 _aCaracoles
_válbum
_2lemb
_9848
650 0 4 _aLiteratura infantil española
_ysiglo xx
_2LEMB
_9845
650 0 7 _aSueños
_válbum
_2LEMB
_9847
655 _aÁlbumes
_9324623
700 _aAuladell, Pablo,
_d1972-
_eill
_962389
942 _2loc
_cBKLIT
999 _c58075
_d58075